| 000 | 00546nam a22002177a 4500 | ||
|---|---|---|---|
| 003 | OSt | ||
| 005 | 20231103120546.0 | ||
| 008 | 141105b xxu||||| |||| 00| 0 eng d | ||
| 020 | _a0727911015 | ||
| 040 | _cDNLM | ||
| 082 | _aQZ 50 K618a 1997 | ||
| 100 |
_aKingston, Helen M. _91781 |
||
| 245 | _aABC of Clinical Genetics. | ||
| 250 | _a2nd ed. | ||
| 260 |
_aLondon: _bBMJ _c1997 |
||
| 300 |
_avi, 75 p.: _bcol.ill ; _c29 cm. |
||
| 504 | _aIncludes index. | ||
| 650 |
_aClinal pathology _916834 |
||
| 650 |
_aGenetics _9404 |
||
| 942 |
_2z _cSLOAN |
||
| 999 |
_c696 _d696 |
||